Total drama characters Quiz Stats

 Plays Quiz not verified by Sporcle

Support Sporcle.
Go Orange.
Score 0/25 Timer 02:00
0 Plays Today
% Correct
tyler
92.9%
dj
78.6%
sadie
50%
bridgette
50%
beth
35.7%
cody
35.7%
sierra
28.6%
alejandro
28.6%
duncan
28.6%
blaineley
21.4%
izzy
21.4%
owen
21.4%
justin
21.4%
% Correct
noah
21.4%
lindsay
21.4%
eva
21.4%
courtney
21.4%
katie
21.4%
harold
21.4%
ezekiel
21.4%
heather
21.4%
geoff
21.4%
trent
21.4%
leshawna
21.4%
gwen
21.4%

You're not logged in!

Compare scores with friends on all Sporcle quizzes.
OR
Log In

From the Vault

1st Letter States 1-4 Blitz

by sproutcm

What are you waiting for?
Remove Ads.
Support Sporcle.
Get the best of Sporcle when you Go Orange. This ad-free experience offers more features, more stats, and more fun while also helping to support Sporcle. Thank you for becoming a member.

Show Comments

Extras

Created Feb 22, 2011ReportNominate
Tags:Drama, hair, total

Top Quizzes Today


Score Distribution

Your Account Isn't Verified!

In order to create a playlist on Sporcle, you need to verify the email address you used during registration. Go to your Sporcle Settings to finish the process.

Report this User

Report this user for behavior that violates our Community Guidelines.

Details: